Estrategia neoliberal, urbanización y zonas francas industriales : (Registro nro. 7343)

Detalles MARC
000 -LIDER
fixed length control field 01287nam a2200289 a 4500
001 - NÚMERO DE CONTROL
Identificador de número de control 000003015
003 - IDENTIFICACDOR DE NÚMERO DE CONTROL
control field DO-SdBNP
005 - DATE AND TIME OF LATEST TRANSACTION
control field 20221019093254.0
007 - CAMPOS FIJOS DE DESCRIPCIÓN FÍSICA
fixed length control field 000003015
008 - ELEMENTOS DE LONGITUD FIJA
fixed length control field 090706s1994 dr b 000 0 spa d
040 ## - FUENTE DE CATALOGACIÓN
Agencia que crea de manera original el registro BPMSU
Idioma de catalogación spa
Agencia que realiza la transcripción BPMSU
082 #4 - NÚMERO DE CLASIFICACIÓN DECIMAL DE DEWEY
Classification number 338.6042
Item number S232e 19994
Edition number 22
100 1# - ASIENTO PRINCIPAL -- NOMBRE PERSONAL
Nombre personal Santana, Julio
245 10 - MENCIÓN DE TITULO
Título Estrategia neoliberal, urbanización y zonas francas industriales :
Subtítulo el caso de Santiago, República Dominicana /
Mención de responsabilidad Julio Santana.
260 ## - PUBLICACIÓN, DISTRIBUCIÓN, ETC. (PIE DE IMPRENTA)
Lugar de publicación, distribución, etc Santo Domingo :
Nombre del editor, distribuidor, etc. FLACSO,
Fecha de publicación, distribución, etc 1994.
300 ## - DESCRIPCIÓN FÍSICA
Extensión 132 p. :
Otros detalles físicos map. ;
Dimensiones 19 cm.
500 ## - NOTA GENERAL
Materiales especificados Incluye referencias bibliográficas y notas al pie de las páginas
504 ## - NOTA DE BIBLIOGRAFÍA, ETC.
Bibliography, etc Incluye referencias bibliográficas y notas al pie de las páginas.
505 ## - NOTA DE CONTENIDO
Texto normalizado de contenido Cambios en el patrón de acumulación en República Dominicana y Zonas Francas industriales 13 -- Desarrollo regional y Zonas Franas 37 -- Zonas Francas y proceso de urbanización en la ciudad de Santiago 61
590 ## - NOTA LOCAL
Enlace Inventariado, 2022/VM
650 #4 - ENCABEZAMIENTO DE MATERIA--TEMÁTICO
Término temático o nombre geográfico como elemento de entrada Zonas francas
Subdivisión geográfica Santiago (República Dominicana)
650 #4 - ENCABEZAMIENTO DE MATERIA--TEMÁTICO
Término temático o nombre geográfico como elemento de entrada Zonas francas
Subdivisión temática general Aspectos económicos
Subdivisión geográfica Santiago (Republicas Dominicana)
651 #4 - ENCABEZAMIENTO DE MATERIA--NOMBRE GEOGRÁFICO
Nombre geográfico
710 2# - ASIENTO SECUNDARIO -- NOMBRE CORPORATIVO
Nombre corporativo o de jurisdicción Facultad Latinoamericana de Ciencias Sociales (República Dominicana)
910 ## - VALIDACIÓN
Validación VMateo V./VM
942 ## - ADDED ENTRY ELEMENTS (KOHA)
Source of classification or shelving scheme Dewey Decimal Classification
Koha item type Libros
Existencias
Withdrawn status Lost status Source of classification or shelving scheme Damaged status Not for loan Collection code Home library Current library Date acquired Full call number Barcode Date last seen Copy number Price effective from Koha item type Total Checkouts Date checked out
    Dewey Decimal Classification     Colección Dominicana Biblioteca Pública Metropolitana Salomé Ureña Biblioteca Pública Metropolitana Salomé Ureña 02/04/2015 BPMSU CD 338.6042 S232e 19994 BPMSU15041075 02/04/2015 02/04/2015 Libros    
    Dewey Decimal Classification     Colección Dominicana Biblioteca Pública Metropolitana Salomé Ureña Biblioteca Pública Metropolitana Salomé Ureña 02/04/2015 BPMSU CD 338.6042 S232e 19994 BPMSU15041076 04/01/2019 e.2 02/04/2015 Libros 1 04/01/2019
    Dewey Decimal Classification     Colección Dominicana Biblioteca Pública Metropolitana Salomé Ureña Biblioteca Pública Metropolitana Salomé Ureña 02/04/2015 BPMSU CD 338.6042 S232e 19994 BPMSU22100059 10/19/2022 e.3 02/04/2015 Libros